| 000 | 00596nam a2200181Ia 4500 | ||
|---|---|---|---|
| 008 | 090123s9999 xx 000 0 und d | ||
| 082 |
_b3686 _a923.254/कौशिक |
||
| 100 | _aजय कौशिक | ||
| 245 | _aपरमपूज्य गोळवलकर गुरुजी | ||
| 250 | _a1 | ||
| 260 | _c1974 | ||
| 300 | _a40 | ||
| 600 | _aजय कौशिक | ||
| 630 | _aपरमपूज्य गोळवलकर गुरुजी | ||
| 700 | _aजय कौशिक | ||
| 730 | _aपरमपूज्य गोळवलकर गुरुजी | ||
| 942 | _cBOOK | ||
| 999 |
_c41765 _d41765 |
||